000
00246nam a22001097a 4500
008
170123b xxu||||| |||| 00| 0 eng d
020
_a
9781601512857
041
_a
eng
080
_a
618.2
245
_a
HCPCS LEVEL II
_c
WOODWARD, S
942
_2
udc
_c
BK
999
_c
3379
_d
3379